County Limerick Quiz - Statistics

General Stats
  • This quiz has been taken 13 times
  • The average score is 14 of 20
Answer Stats
Hint Answer % Correct
Bordering counties Clare
100%
Bordering counties Cork
100%
Bordering counties Kerry
100%
County town of Limerick Limerick
100%
Longest river in Ireland with its mouth in Limerick Shannon
100%
Province that Limerick is in Munster
91%
Bordering counties Tipperary
91%
Picturesque village and tourist mecca with lots of thatched cottages and one of Europe's top 5 star hotels Adare
82%
Singer for the Cranberries Dolores O'Riordan
82%
Rugby stadium in the county town (capacity over 25,000) Thomond Park
82%
Seaplane port and one of the largest civilian airports in Europe during WW2 Foynes
64%
Author of "Angela's Ashes" Frank McCourt
55%
Benedictine monastery (famous for its Gregorian Chant singing monks) and boarding school Glenstal Abbey
55%
Ireland's largest river hydroelectric scheme, built within the first 7 years of Irish independence Ardnacrusha
45%
Castle in the county town King John's Castle
45%
Hellraising actor ("Camelot", "The Field") and singer ("MacArthur Park") Richard Harris
45%
One of the best loved radio and TV personalities in British radio history, knighted in 2005 and died in 2016 Terry Wogan
45%
Nickname for the county town that comes from a famous document signed there Treaty City
45%
Inventor of the submarine, who taught in Limerick CBS School John Philip Holland
36%
Highest point in the county, on the Tipperary border Galtymore
27%
No matching quizzes found
Score Distribution
Percent of People with Each Score
Percentile by Number Answered
Your Score History
You have not taken this quiz